000
00315nam a2200133Ia 4500
008
151001s9999||||xx |||||||||||||| ||und||
100
_a
ऊ ज शेळके
245
_a
वळणावरच वय
250
_a
1
260
_b
ललित वैभव
260
_c
1967
300
_a
297
365
_b
7
999
_c
954344
_d
954341